000 nam a22 a 4500
999 _c56652
_d56652
003 BLK
005 20220812103024.0
008 180408b bul|||||r ||||||| ||bul||
010 _aKNG00060636000
040 _aBLK
041 _aBUL
_cBUL
080 _aГорски продукти и тяхното използване
_b630.8
_x(035)
_z630.8(035)
080 _aХранителни продукти. Приготвяне на храната
_b641
_x(035)
_z641(035)
080 _aХигиена на храненето с продукти от растителен и минерален произход - Вегетарианство;плодове, зеленчуци, корени, растителни масла, консерви и др.
_b613.26/.27
_x(035)
_z613.26/.27(035)
100 1 _aМичев, Борис
_eпърви автор
_9287024
139 _aДивите плодове - храна и лечебно средство
_bД 53
245 1 0 _aДивите плодове - храна и лечебно средство
_cБорис Мичев.
257 _aBGR
260 _bЗемиздат
_c1973
_aСофия
300 _a336 с.
_c20 см
380 _a63
650 4 _aПлодове - хранителни и лечебни свойства
_9245102
653 _aдиви растения
653 _aплодове
653 _aръководства
852 _aЦб 69646
_bЦб
856 4 _qpdf
856 4 _qpdf
942 _cKNG
_n0
_s1
944 _aCR
_c13.06.2004
_kЧиталня
944 _aED
_c14.08.2015
999 _d56652
999 _d56652